| 000 | 00356nam a2200157Ia 4500 | ||
|---|---|---|---|
| 100 | _aCrowley/Charles | ||
| 650 | _aOperating systems | ||
| 942 | _cBK | ||
| 366 | _f20 | ||
| 245 | _aOperating systems:Design-oriented | ||
| 260 |
_bTata Mc Graw hill Ltd. _c1997 |
||
| 082 |
_a5.43 _bCRO |
||
| 300 | _a844 | ||
| 546 |
_aENGLISH _celectronics |
||
| 999 |
_c19389 _d19389 |
||